Приключенията на барон Мюнхаузен (Запис номер 20026)
[ съкратено ]
| 000 -Лидер | |
|---|---|
| Контролно поле с фиксирана дължина | 01726nam a2200397 c 4500 |
| 003 - Код на организацията, давaща контролен номер | |
| Контролно поле | BLK |
| 005 - Дата и час на последна редакция | |
| Контролно поле | 20240710005446.0 |
| 008 - Елементи от данни с фиксирана дължина | |
| fixed length control field | 180413b bul|||||r ||||||| ||bul|| |
| 010 ## - Наследен системен номер | |
| LC control number | KNG00022212000 |
| 020 ## - Международен стандартен номер на книга ISBN | |
| Международен стандартен номер на книга ISBN | 954-657-153-9 |
| 040 ## - Източник на каталожния запис | |
| Идентификатор на билиотеката - собственик на записа | BLK |
| 041 ## - Код за език | |
| Код за езика на текст/звукозапис или на отделно заглавие | Български |
| Код за езика КДБФ | Български |
| 080 ## - УДК | |
| Текстов определител УДК | Немска литература |
| УДК код - определител по УДК | 821.112.2 |
| УДК определител | -93-91 |
| УДК - код + определител | 821.112.2-93-91 |
| 100 1# - Редна дума - Автор | |
| Автор | Распе, Рудолф Ерих |
| Авторска отговорност | първи автор |
| R(LIN) | 115325 |
| 139 ## - Редно поле | |
| Редна дума | Распе, Рудолф Ерих |
| Авторски знак | Рас - Р 38 |
| 245 10 - Сведения за заглавието | |
| Заглавие | Приключенията на барон Мюнхаузен |
| Подзаглавни данни | Сб. разкази за деца |
| Редно поле (дума) | Рудолф Ерих Распе; преразк. Ангел Иванов Каралийчев; ил. Гюстав Доре. |
| 250 ## - Област на изданието | |
| Сведения за изданието | 7. изд. |
| 257 ## - Страна на издаване | |
| Страна на създаване/издаване | Германия |
| 260 ## - Област на издателските данни | |
| Име на издателя, разпространителя и проч. | Пан |
| Година на издаване | 1998 |
| Печатница | София : Балкан прес |
| 300 ## - Физическа характеристика | |
| Страници | 143 с. |
| Илюстрации и др. | с ил. |
| Размери/Мащаб | 20 см |
| 380 ## - Жанр | |
| Жанр | Детска худож. лит. |
| 490 ## - СЕРИИ (Колекции) | |
| Име на серия | Вечните детски романи |
| №: серия | 38 |
| 500 ## - Общи забележки | |
| Забележка | Ориг. загл. Wunderbabe reisen zu Wasser und Lande, Feldzuge und lustige Abenteuer des Freiherrn von Munchhausen. - 1 изд. 1933 на изд. Хемус. - 3 500 тир., доп. тир. 2005. |
| 653 ## - Ключова дума – ненормативна | |
| Ключова дума | приказки |
| 653 ## - Ключова дума – ненормативна | |
| Ключова дума | литература за деца |
| 653 ## - Ключова дума – ненормативна | |
| Ключова дума | детска литература |
| 700 1# - Други автори (авторска отговорност) | |
| Лично име | Каралийчев, Ангел Иванов |
| Дати, свързани с автора | 1902-1972 |
| Автороска отговорност (Описва отношението между автора и произведението) | преразк. |
| 9 (RLIN) | 76702 |
| 700 1# - Други автори (авторска отговорност) | |
| Лично име | Доре, Гюстав |
| Автороска отговорност (Описва отношението между автора и произведението) | ил. |
| 9 (RLIN) | 64690 |
| 852 ## - Местоположение | |
| Форматна сигнатура | Цб 195997 |
| 856 4# - Електронен адрес и достъп | |
| Електронен формат | pdf - файл |
| Път до файла /url/ | |
| 856 4# - Електронен адрес и достъп | |
| Електронен формат | pdf - файл |
| Път до файла /url/ | |
| 942 ## - АРТИКУЛИ | |
| Вид на библиотечния материал | Книги |
| Скрит в OPAC | Не |
| Koha issues (borrowed), all copies | 9 |
| 944 ## - СЪЗДАВАНЕ И РЕДАКЦИЯ на ЗАПИСА | |
| Създаване/Редакция | Създаване |
| Дата на регистрацията/редакция | 15.01.2003 |
| Статус, дата на статуса | CRON CRON |
| Служител, извършил регистрацията/редакцията | |
| 944 ## - СЪЗДАВАНЕ И РЕДАКЦИЯ на ЗАПИСА | |
| Създаване/Редакция | Редакция |
| Дата на регистрацията/редакция | 28.02.2017 |
| Статус, дата на статуса | ф / |
| Служител, извършил регистрацията/редакцията | Людмила_Стоянова |
| 999 ## - СИСТЕМНИ КОНТРОЛНИ НОМЕРА | |
| Koha biblionumber | 20026 |
| Koha biblioitemnumber | 20026 |
| 999 ## - СИСТЕМНИ КОНТРОЛНИ НОМЕРА | |
| Koha biblioitemnumber | 20026 |
| Код за отписване | Код за изгубен артикул | Източник на класификационната схема | Код за повреда | Коз за рестрикции | Код за отдаване | Артикулен № | Име на библиотеката - собственик | Име на библиотеката, в която се намира в момента | Статус (Текущо местоположение) | Дата на вписване в системата | Местоположение - отдел | Цена в лева | Инвентарен номер | Систематично азбучна сигнатура | Баркод | Номер на екземпляра | Цена в евро | Служебна бележка | Служебен тип на артикула |
|---|---|---|---|---|---|---|---|---|---|---|---|---|---|---|---|---|---|---|---|
| Не е изгубен | Universal Decimal Classification | Не е повреден | без рестрикции | ползва се в читалня | 33325 | Регионална библиотека "Любен Каравелов" Русе | Регионална библиотека "Любен Каравелов" Русе | Хранилище | 2001-01-01 | Хранилище | 2.10 | 640450 | Цб 195997 | 120000640450 | 1 | 1.07 | Дост: Dp Вид: Д N: 19 Дата: 01.01.1998 | Книги | |
| Изтеглен | Не е изгубен | Не е повреден | без рестрикции | заемане за дома | 33326 | Регионална библиотека "Любен Каравелов" Русе | Регионална библиотека "Любен Каравелов" Русе | Детски отдел | 2001-01-01 | Детски отдел | 2.00 | 641294 | ДХ 820/899/Р 38 | 641294 | 2 | 1.02 | Дост: Pk Вид: Ф N: стар фонд Дата: 01.01.2001 Дата инв: 20.08.2015 Бележки инв: Д2015 | Книги | |
| Изтеглен | Не е изгубен | Не е повреден | без рестрикции | заемане за дома | 33327 | Регионална библиотека "Любен Каравелов" Русе | Регионална библиотека "Любен Каравелов" Русе | Детски отдел | 2010-03-29 | Детски отдел | 3.50 | 120000743043 | ДХ 820/899/Р 38 | 120000743043 | 3 | 1.79 | Дост: DA Вид: А N: 10 Дата: 29.03.2010 Дата инв: 31.08.2015 Бележки инв: Д2015 | Книги | |
| Изтеглен | Не е изгубен | Не е повреден | без рестрикции | заемане за дома | 33328 | Регионална библиотека "Любен Каравелов" Русе | Регионална библиотека "Любен Каравелов" Русе | Детски отдел | 2012-03-01 | Детски отдел | 3.50 | 120000756332 | ДХ 820/899/Р 38 | 120000756332 | 4 | 1.79 | Дост: DA Вид: А N: 3 Дата: 01.03.2012 Дата инв: 10.08.2015 Бележки инв: Д2015 | Книги | |
| Изтеглен | Не е изгубен | Universal Decimal Classification | Не е повреден | без рестрикции | заемане за дома | 33329 | Регионална библиотека "Любен Каравелов" Русе | Регионална библиотека "Любен Каравелов" Русе | Детски отдел | 2017-01-12 | Детски отдел | 3.50 | 120000807628 | ДХ 820/899/Р 38 | 120000807628 | 5 | 1.79 | Дост: DA Вид: А N: 2 Дата: 12.01.2017 | Книги |